000 01439cam a2200337 4500
001 X113364
008 000000n2001 000 0 eng u
035 _a(Sirsi) u113364
100 _aEvans, D.
245 _aWaste - fear and planning
260 _c2001
490 _aWastes Management
_vJune 2001, 18-19(2)
520 _aDiscusses fear and apprehension, or the perception of risk, on the part of the public as the basis for the refusal of planning permission for waste projects. Concludes that, whilst these are material considerations, planning permission may only be denied in the absence of scientific evidence supporting the concerns in exception circumstances. Case law.
650 _aENVIROCOR WASTE HOLDINGS V SOS ENVIRONMENT
650 _aGATESHEAD MBC V SOS ENVIRONMENT
650 _aMATERIAL CONSIDERATIONS
650 _aNEWPORT BC V SOS WALES AND ANOTHER
650 _aPERCEPTION
650 _aPLANNING PERMISSION
650 _aPLANNING PROCESS
650 _aPUBLIC PERCEPTION
650 _aR V BROADLAND DC AND OTHERS
650 _aR V LEICESTERSHIRE CC AND OTHERS
650 _aR V TANDRIDGE DC AND OTHERS EX P AL FAYED
650 _aR V TANDRIDGE DC AND OTHERS EX P AL FAYED
650 _aWASTE DISPOSAL SITES
650 _aWASTE SITES
650 _aWEST MIDLANDS PROBATION COMMITTEE V SOS ENVIRONMENT
690 _aENVIRONMENTAL AND LAND CONSULTANCY-PLANNING AND DEVELOPMENT
942 _n0
999 _c67539
_d67539